=LDR 00000nam 2200000 4500 =001 INLIS000000000047012 =005 20200217110600 =035 ##$$a 0010-061500000000101 =008 200217###########################0###### =020 ##$$a 978-979-010-482-2 =082 ##$$a 370.1-Dom-t =100 ##$$a Susane Dom =245 1#$$a 73 Ways to be abrillant leaner =250 ##$$a Cet. 1 =260 ##$$a Jakarta :$b Bumi Aksara,$c 2008 =300 ##$$a xiv,149 Hlm ; $c 19 Cm =850 ##$$a NBPNMAT =990 ##$$a 2090100809/BPAP-NTB/2015